[Event "Goch op 26th"]
[Site "Goch"]
[Date "2015.09.05"]
[Round "4"]
[White "Simon, Daniel1111"]
[Black "Gehlen, Horst"]
[Result "0-1"]
[WhiteElo "1450"]
[BlackElo "1862"]
[PlyCount "72"]
[EventDate "2015.09.03"]
[EventType "swiss"]
[EventRounds "7"]
[EventCountry "GER"]
[SourceTitle "EXT 2018"]
[Source "ChessBase"]
[SourceDate "2017.10.13"]
[SourceVersion "1"]
[SourceVersionDate "2017.10.13"]
[SourceQuality "1"]

1. e4 c5 2. Nf3 d6 3. d4 cxd4 4. Nxd4 Nf6 5. Bd3 a6 6. 0-0 Qc7 7. c3 Nbd7 8. f4 e6 9. f5 Nc5 10. b4 Nxd3 11. Qxd3 e5 12. Ne2 Bd7 13. h3 Bb5 14. Qe3 Qc4 15. Ng3 Rc8 16. Bb2 Qc7 17. Rc1 Bc4 18. Nd2 d5 19. Nb3 Bd6 20. Qe1 0-0 21. Nd2 Rfd8 22. a4 Be7 23. Nf3 dxe4 24. Nxe4 Nd5 25. Ned2 f6 26. Kh1 Nf4 27. Rcb1 Nd3 28. Qg1 Qd7 29. Nxc4 Rxc4 30. Nd2 Rf4 31. Nf1 Qxf5 32. Ng3 Qg6 33. Qe3 Nf2+ 34. Kg1 Qc2 35. Qe2 Rd2 36. Qh5 g6 0-1

[Event "Goch op 20th"]
[Site "Goch"]
[Date "2009.10.03"]
[Round "4"]
[White "Gehlen, Horst"]
[Black "Walter, Andreas"]
[Result "1/2-1/2"]
[WhiteElo "1670"]
[BlackElo "1912"]
[PlyCount "37"]
[EventDate "2009.10.01"]
[EventType "swiss"]
[EventRounds "7"]
[EventCountry "GER"]
[SourceTitle "EXT 2011"]
[Source "ChessBase"]
[SourceDate "2010.11.26"]
[SourceVersion "1"]
[SourceVersionDate "2010.11.26"]
[SourceQuality "1"]

1. f4 e5 2. fxe5 d6 3. exd6 Bxd6 4. Nf3 g5 5. g3 g4 6. Nh4 Ne7 7. d4 Ng6 8. Nxg6 hxg6 9. Qd3 Nc6 10. c3 Bf5 11. e4 Bd7 12. Bg2 f5 13. e5 Bf8 14. Be3 Qe7 15. Na3 0-0-0 16. 0-0-0 Bg7 17. Qb5 a6 18. Qe2 Rdf8 19. Qd2 1/2-1/2